| 000 | 00882cam a22002775a 4500 | ||
|---|---|---|---|
| 008 | 090817s1994 flua|||frb||| 001 0 eng d | ||
| 010 | _a 93019110 | ||
| 020 | _a0030980666 | ||
| 020 | _a0030987644 (computer disk) | ||
| 020 | _a9780030980664 | ||
| 040 |
_aEG-ScBUE _beng _cEG-ScBUE |
||
| 082 | 0 | 4 |
_a658.15 _bBRI _222 |
| 100 | 1 |
_aBrigham, Eugene F., _98488 |
|
| 245 | 1 | 0 |
_aFinancial Management : _bTheory and Practice / _cEugene F. Brigham, Louis C. Gapenski. |
| 250 | _a7th ed. | ||
| 260 |
_aFort Worth : _bDryden Press, _cc.1994. |
||
| 300 |
_aP. : _bill. ; _c24 cm. |
||
| 490 | _aThe Dryden Press Series in Finance | ||
| 500 | _aInclude index. | ||
| 504 | _aIncludes bibliographical references. | ||
| 650 | 0 |
_aCorporations _xFinance. _98489 _2BUEsh |
|
| 651 | _2BUEsh | ||
| 653 | _bBUSECO | ||
| 700 | 1 |
_aGapenski, Louis C. _98490 |
|
| 942 |
_cBB _k658.15 BRI _2ddc |
||
| 999 |
_c7318 _d7318 |
||